[Event "SVK-ch U12"]
[Site "Stara Lubovna"]
[Date "2014.04.07"]
[Round "4"]
[White "Ciglian, Michal"]
[Black "Lesko, Peter"]
[Result "1/2-1/2"]
[WhiteElo "1177"]
[BlackElo "1000"]
[PlyCount "101"]
[EventDate "2014.04.05"]
[EventType "swiss"]
[EventRounds "9"]
[EventCountry "SVK"]
[SourceTitle "EXT 2016"]
[Source "ChessBase"]
[SourceDate "2015.10.08"]
[SourceVersion "1"]
[SourceVersionDate "2015.10.08"]
[SourceQuality "1"]

1. d4 d5 2. c4 e6 3. Nc3 Nf6 4. Nf3 Nbd7 5. Bg5 Be7 6. e3 b6 7. Ne5 0-0 8. Nc6 Qe8 9. Bd3 Bb7 10. Ne5 c5 11. cxd5 exd5 12. Bb5 a6 13. Bxf6 Bxf6 14. Nxd7 axb5 15. Nxf8 Kxf8 16. 0-0 b4 17. Ne2 Ba6 18. Re1 Qc6 19. Nf4 Bd8 20. dxc5 bxc5 21. Qxd5 Bb7 22. Qxc6 Bxc6 23. Nd3 Bf6 24. Nxc5 Bxb2 25. Rab1 Rxa2 26. h3 Bc3 27. Red1 Ra5 28. Nb3 Rg5 29. f3 Ba4 30. Rd8+ Ke7 31. Ra8 Bc6 32. Ra7+ Kf8 33. Kf2 Rf5 34. e4 Re5 35. Kg3 Rg5+ 36. Kf2 Bb5 37. Rc7 Bd3 38. Rd1 Bb5 39. Rd5 Rxd5 40. exd5 Ke8 41. Rc5 Ba4 42. Rc8+ Kd7 43. Nc5+ Kxc8 44. Nxa4 Kd7 45. Ke3 Kd6 46. Kd3 Kxd5 47. Nxc3+ bxc3 48. Kxc3 Ke5 49. Kd3 Kf4 50. Ke2 Kg3 51. Kf1 1/2-1/2

[Event "SVK-ch U12"]
[Site "Stara Lubovna"]
[Date "2014.04.07"]
[Round "3"]
[White "Lesko, Peter"]
[Black "Gyuricsek, Szilard"]
[Result "1-0"]
[WhiteElo "1000"]
[BlackElo "1000"]
[PlyCount "33"]
[EventDate "2014.04.05"]
[EventType "swiss"]
[EventRounds "9"]
[EventCountry "SVK"]
[SourceTitle "EXT 2016"]
[Source "ChessBase"]
[SourceDate "2015.10.08"]
[SourceVersion "1"]
[SourceVersionDate "2015.10.08"]
[SourceQuality "1"]

1. e4 e5 2. Nf3 Nc6 3. Bb5 a6 4. Ba4 Nf6 5. d3 Be7 6. 0-0 b5 7. Bb3 0-0 8. c3 d6 9. Re1 Na5 10. Bc2 c5 11. d4 cxd4 12. cxd4 Qc7 13. Nc3 Rd8 14. Qd3 d5 15. exd5 Nxd5 16. Qxh7+ Kf8 17. Qh8# 1-0

[Event "SVK-ch U12"]
[Site "Lubovna"]
[Date "2013.04.10"]
[Round "6"]
[White "Stolar, Pavol"]
[Black "Lesko, Peter"]
[Result "1-0"]
[WhiteElo "1153"]
[BlackElo "1000"]
[PlyCount "47"]
[EventDate "2013.04.06"]
[EventType "swiss"]
[EventRounds "9"]
[EventCountry "SVK"]
[SourceTitle "CBM 153 Extra"]
[Source "ChessBase"]
[SourceDate "2013.04.22"]
[SourceVersion "1"]
[SourceVersionDate "2013.04.22"]
[SourceQuality "1"]

1. e4 c5 2. Nf3 Nc6 3. Bc4 Nf6 4. Nc3 e6 5. 0-0 d5 6. exd5 exd5 7. Bb5 Bg4 8. a3 Bd6 9. Re1+ Be7 10. Bxc6+ bxc6 11. d3 h6 12. h3 Bf5 13. d4 0-0 14. Bf4 Bd6 15. Bxd6 Qxd6 16. Ne2 Rfe8 17. c3 c4 18. Ng3 Qd7 19. Rxe8+ Rxe8 20. Qd2 Ne4 21. Nxe4 Rxe4 22. Re1 Rf4 23. Qxf4 Be4 24. Ne5 1-0

[Event "SVK-ch U12"]
[Site "Lubovna"]
[Date "2013.04.08"]
[Round "4"]
[White "Lesko, Peter"]
[Black "Stutika, Benjamin"]
[Result "0-1"]
[WhiteElo "1000"]
[BlackElo "1149"]
[PlyCount "66"]
[EventDate "2013.04.06"]
[EventType "swiss"]
[EventRounds "9"]
[EventCountry "SVK"]
[SourceTitle "CBM 153 Extra"]
[Source "ChessBase"]
[SourceDate "2013.04.22"]
[SourceVersion "1"]
[SourceVersionDate "2013.04.22"]
[SourceQuality "1"]

1. e4 d5 2. exd5 Qxd5 3. Nc3 Qa5 4. Nf3 Nf6 5. Bc4 Bf5 6. d4 Ne4 7. Bd2 Nxd2 8. Qxd2 c6 9. 0-0 e6 10. Rfe1 Bd6 11. Ne4 Qc7 12. Nxd6+ Qxd6 13. Rad1 0-0 14. Bd3 Bxd3 15. Qxd3 Na6 16. Ng5 g6 17. Ne4 Qe7 18. Qf3 f5 19. Qf4 fxe4 20. Qxe4 Rae8 21. b3 c5 22. g3 cxd4 23. Qxd4 Qc5 24. Qd2 Nb4 25. c3 Nc6 26. b4 Qe7 27. Qh6 Qf6 28. Rd7 Qxf2+ 29. Kh1 Qxe1+ 30. Kg2 Rf2+ 31. Kh3 Qf1+ 32. Kg4 Ne5+ 33. Kh4 Rxh2+ 0-1

[Event "SVK-ch U12"]
[Site "Lubovna"]
[Date "2013.04.06"]
[Round "1"]
[White "Panko, Eduard"]
[Black "Lesko, Peter"]
[Result "1-0"]
[WhiteElo "1275"]
[BlackElo "1000"]
[PlyCount "61"]
[EventDate "2013.04.06"]
[EventType "swiss"]
[EventRounds "9"]
[EventCountry "SVK"]
[SourceTitle "CBM 153 Extra"]
[Source "ChessBase"]
[SourceDate "2013.04.22"]
[SourceVersion "1"]
[SourceVersionDate "2013.04.22"]
[SourceQuality "1"]

1. c4 e5 2. Nc3 Nf6 3. g3 Nc6 4. Bg2 d6 5. d3 a6 6. a3 Be7 7. Nf3 Be6 8. 0-0 0-0 9. Bd2 d5 10. cxd5 Nxd5 11. Nxd5 Bxd5 12. Bc3 Bf6 13. Qc2 Re8 14. e4 Be6 15. Rad1 b5 16. b4 a5 17. Qb2 axb4 18. axb4 Ra2 19. Qc1 Bg4 20. Qb1 Ra3 21. Qb2 Ra8 22. Rd2 Bxf3 23. Bxf3 Bg5 24. Rdd1 Bf6 25. Bg2 h6 26. f4 Qd6 27. fxe5 Nxe5 28. Bxe5 Bxe5 29. d4 Bf6 30. e5 Bxe5 31. dxe5 1-0